000 00406nab a22001457 4500
003 ES-SlBCS
005 20210327224246.0
008 191118s2019 sp ||||| |||| 00| 0 spa d
040 _aES-SlBCS
_bspa
041 _aspa
100 1 _aShah, Shanon
_9116813
245 1 0 _aTeologías musulmanas queer
_cShanon Shah
773 0 _gNúm. 383, 2019, págs. 129-144
_tConcilium
_wRev134
_x0210-1041
942 _2lcc
_cAR
999 _c482314
_d482314